000 00397nam a2200133 i 4500
001 43310
003 ES-MaACL
007 t|
008 030317s1911 ck ||||1| spa d
245 0 0 _aPrimer centenario de la independencia de Colombia.
260 _aBogotá :
_b[s.n.,
_c1911] (
_fEscuela Tipográfica Salesiana)
300 _aXI, 420 p., 38 lám., 1 plan. ;
_c34 cm.
852 _aES-MaACL
_jG-1945
999 _c43310
_d43310